Équipe de Russie de Football - Tous les joueurs (2000-....) - Statistiques

Statistiques générales
  • Ce quiz a été pris 112 fois
    77 depuis la dernière actualisation
  • Le résultat moyen est 11 sur 187
Statistiques - réponses
Première sélection Dernière sélection Joueur Nb de sélections % Correct
2015 Aleksandr Golovin 45
82%
2011 Artem Dzyuba 55
72%
2004 2018 Igor Akinfeev 111
69%
2012 Denis Cheryshev 33
61%
2002 2012 Andrey Arshavin 79
57%
2017 Mario Fernandes 32
52%
2005 2021 Yuri Zhirkov 105
38%
2012 Fyodor Smolov 45
34%
2015 Aleksei Miranchuk 41
33%
2017 Anton Miranchuk 19
33%
2011 Aleksandr Kokorin 48
30%
2008 Alan Dzagoev 65
26%
2003 2016 Aleksei Berezutski 58
23%
2003 2016 Vasili Berezutski 101
23%
2021 Matvei Safonov 7
20%
2002 2018 Sergei Ignashevich 127
18%
2002 2016 Aleksandr Kerzhakov 91
15%
1992 2004 Aleksandr Mostovoi 50
13%
2020 Andrei Mostovoi 10
13%
2017 Andrey Lunev 7
13%
2003 2012 Roman Pavlyuchenko 51
13%
2015 Roman Zobnin 41
13%
2016 Fyodor Kudryashov 48
11%
2016 Guilherme 19
11%
2016 Ilya Kutepov 13
11%
2011 2018 Aleksandr Samedov 53
10%
2001 2003 Denis Popov 5
10%
2016 Roman Neustädter 13
10%
2021 Arsen Zakharyan 4
8%
2002 2012 Denis Glushakov 57
8%
2019 Dmitri Barinov 13
8%
2019 Fyodor Chalov 3
8%
2013 Igor Smolnikov 30
8%
2019 Ilzat Akhmetov 8
8%
2015 2016 Oleg Ivanov 5
8%
2013 Oleg Shatov 28
8%
2013 2016 Yuri Lodygin 11
8%
1998 2006 Alexey Smertin 55
7%
2002 2010 Dmitri Sychev 47
7%
2008 2016 Igor Denisov 54
7%
2020 Ivan Oblyakov 2
7%
1997 2010 Sergei Semak 71
7%
1992 2003 Valeri Karpin 75
7%
1992 2004 Victor Onopko 109
7%
2003 2012 Vyacheslav Malafeev 29
7%
2020 Aleksandr Sobolev 8
5%
2011 Aleksei Ionov 39
5%
2012 Dmitri Kombarov 47
5%
2017 Georgi Dzhikiya 41
5%
2012 Kirill Nababkin 5
5%
2007 2013 Vladimir Gabulov 10
5%
2004 2013 Aleksandr Anyukov 77
3%
2013 2015 Aleksei Kozlov 14
3%
2018 2018 Ari 2
3%
2015 2015 Artyom Rebrov 1
3%
2019 Daniil Fomin 8
3%
1996 2005 Dmitri Alenichev 55
3%
2013 Dmitri Tarasov 8
3%
2015 Elmir Nabiullin 1
3%
2012 Georgi Shchennikov 10
3%
2017 Konstantin Rausch 9
3%
2014 2017 Maksim Kanunnikov 11
3%
2006 2012 Pavel Pogrebnyak 33
3%
2003 2003 Pyotr Bystrov 2
3%
2021 Rifat Zhemaletdinov 9
3%
2008 2016 Roman Shirokov 56
3%
1992 2002 Stanislav Cherchesov 39
3%
2010 Viktor Vasin 13
3%
2004 2013 Vladimir Bystrov 47
3%
2013 Vladimir Granat 13
3%
2016 Yury Gazinsky 21
3%
2011 2015 Aleksandr Ryazantsev 5
2%
2003 2003 Aleksandr Tochilin 1
2%
2016 Aleksandr Yerokhin 32
2%
2001 2005 Andrei Karyaka 27
2%
2007 Anton Shunin 13
2%
2018 Anton Shvets 1
2%
2017 Anton Zabolotny 19
2%
2017 Daler Kuzyayev 42
2%
2021 Danil Glebov 2
2%
2004 2010 Denis Kolodin 23
2%
2002 2002 Denis Laktionov 2
2%
2005 2012 Diniyar Bilyaletdinov 46
2%
2001 2001 Dmitri Ananko 1
2%
2000 2007 Dmitri Loskov 25
2%
2014 Dmitry Poloz 19
2%
2018 Dmitry Stotsky 1
2%
2002 2007 Evgeni Aldonin 29
2%
2020 Igor Diveev 14
2%
2002 2012 Igor Semshov 58
2%
1996 2003 Igor Yanovsky 32
2%
2016 2016 Ilya Maksimov 1
2%
2021 Konstantin Tyukavin 1
2%
2021 Maksim Osipenko 3
2%
2002 2002 Nikolai Olenikov 1
2%
2019 Nikolay Komlichenko 3
2%
1992 2002 Omari Tetradze 40
2%
2010 2016 Pavel Mamayev 15
2%
2014 Pavel Mogilevets 4
2%
2000 2005 Rolan Gusev 31
2%
2015 Ruslan Kambolov 6
2%
1993 2005 Sergei Ovchinnikov 35
2%
2014 2014 Sergei Parshivlyuk 3
2%
2016 Sergei Petrov 5
2%
2011 2011 Sergey Ryzhikov 1
2%
2016 Soslan Dzhanaev 3
2%
2016 2016 Stanislav Kritsyuk 2
2%
2011 2011 Taras Burlak 1
2%
1999 2005 Vadim Evseev 20
2%
2003 2003 Valeri Chizhov 1
2%
2003 2003 Veniamin Mandrykin 2
2%
2007 2007 Viktor Budyansky 2
2%
1998 2001 Viktor Bulatov 6
2%
2012 2014 Viktor Fayzulin 20
2%
1992 2003 Vladimir Beschastnykh 72
2%
1994 2006 Vladislav Radimov 33
2%
2018 Yegor Sorokin 1
2%
1999 2001 Yuri Drozdov 10
2%
2003 2003 Alan Kusov 1
0%
2009 2017 Aleksandr Bukharov 9
0%
1998 2002 Aleksandr Filimonov 16
0%
1999 2004 Aleksandr Panov 17
0%
2011 2011 Aleksandr Sheshukov 1
0%
1999 2001 Aleksandr Shirko 6
0%
2004 2005 Aleksei Bugayev 7
0%
2009 2009 Aleksei Rebko 3
0%
2021 Aleksei Sutormin 3
0%
2001 2001 Andrei Fedkov 2
0%
2014 Andrei Semyonov 27
0%
1998 2003 Andrei Solomatin 13
0%
1996 2000 Andrey Tikhonov 29
0%
2012 2014 Andrey Yeshchenko 14
0%
2002 2002 Anton Bobyor 1
0%
2012 2012 Arseny Logashov 1
0%
2015 2016 Artur Yusupov 2
0%
2004 2004 Denis Boyarintsev 6
0%
2015 2015 Denis Davydov 1
0%
2003 2003 Denis Yevsikov 4
0%
2003 2005 Dmitri Bulykin 15
0%
2021 Dmitri Chistyakov 4
0%
1992 2002 Dmitri Khlestov 49
0%
1996 2005 Dmitri Khokhlov 53
0%
2003 2006 Dmitri Kirichenko 12
0%
2002 2005 Dmitri Sennikov 26
0%
2007 2016 Dmitri Torbinski 30
0%
2003 2003 Dmitri Vasilyev 1
0%
2015 2015 Dmitry Yefremov 1
0%
2000 2003 Gennadiy Nizhegorodov 9
0%
1992 2002 Igor Chugainov 26
0%
2015 2016 Igor Novoseltsev 5
0%
2015 2015 Igor Portnyagin 1
0%
2021 Ilya Samoshnikov 3
0%
2006 2008 Ivan Saenko 13
0%
2016 2016 Kirill Panchenko 1
0%
2020 Konstantin Kuchayev 1
0%
2006 2012 Konstantin Zyryanov 52
0%
2004 2004 Lyubomir Kantonistov 1
0%
2014 Magomed Ozdoyev 35
0%
2019 Maksim Belyayev 1
0%
1998 2001 Maksim Buznikin 11
0%
2000 2000 Maksim Demenko 2
0%
2012 2014 Maksim Grigoryev 4
0%
2021 Maksim Mukhin 5
0%
2001 2012 Marat Izmailov 35
0%
2008 2008 Nikita Bazhenov 1
0%
2015 Nikita Chernov 2
0%
2015 2016 Oleg Kuzmin 5
0%
2008 2012 Renat Yanbayev 12
0%
2008 2008 Roman Adamov 3
0%
2004 2012 Roman Sharonov 8
0%
2007 2017 Roman Shishkin 16
0%
2007 2008 Roman Vorobyov 2
0%
2020 Roman Yevgenyev 1
0%
2000 2002 Ruslan Nigmatullin 24
0%
2001 2002 Ruslan Pimenov 4
0%
2020 Sergey Terekhov 2
0%
1994 2003 Valery Yesipov 5
0%
1999 2000 Vladimir But 2
0%
2015 Vladislav Ignatyev 5
0%
2001 2002 Vyacheslav Dayev 8
0%
2019 Vyacheslav Karavayev 20
0%
1998 2007 Yegor Titov 41
0%
1996 2000 Yevgeni Bushmanov 7
0%
2011 2014 Yevgeni Makeyev 3
0%
1994 2003 Yuri Kovtun 50
0%
1993 2002 Yuri Nikiforov 55
0%
2019 Zelimkhan Bakayev 12
0%
Aucun quiz correspondant
Distribution des résultats
% des personnes avec chaque résultat
Percentile par nombre de réponses
Votre historique - résultats
Vous n’avez pas pris ce quiz depuis la dernière actualisation